<?xml version="1.0" encoding="UTF-8"?>
<collection xmlns="http://www.loc.gov/MARC21/slim">
<record>
  <controlfield tag="001">146174</controlfield>
  <controlfield tag="005">20241122150935.0</controlfield>
  <datafield tag="037" ind1=" " ind2=" ">
    <subfield code="a">TAZ-TFG-2024-4275</subfield>
  </datafield>
  <datafield tag="041" ind1=" " ind2=" ">
    <subfield code="a">spa</subfield>
  </datafield>
  <datafield tag="100" ind1="1" ind2=" ">
    <subfield code="a">Bes Martínez, Rafael</subfield>
  </datafield>
  <datafield tag="242" ind1="0" ind2="0">
    <subfield code="a">Digital screen use and its relationship with working  memory span in children under 12: a systematic  review</subfield>
  </datafield>
  <datafield tag="245" ind1="0" ind2="0">
    <subfield code="a">Uso de pantallas digitales y su relación con la  amplitud de memoria de trabajo en menores de 12  años: una revisión sistemática</subfield>
  </datafield>
  <datafield tag="260" ind1=" " ind2=" ">
    <subfield code="a">Zaragoza</subfield>
    <subfield code="b">Universidad de Zaragoza</subfield>
    <subfield code="c">2024</subfield>
  </datafield>
  <datafield tag="506" ind1=" " ind2=" ">
    <subfield code="a">by-nc-sa</subfield>
    <subfield code="b">Creative Commons</subfield>
    <subfield code="c">3.0</subfield>
    <subfield code="u">http://creativecommons.org/licenses/by-nc-sa/3.0/</subfield>
  </datafield>
  <datafield tag="520" ind1=" " ind2=" ">
    <subfield code="a">El creciente uso de pantallas en la población general y en niños hace imprescindible el&lt;br /> estudio de su impacto en el desarrollo cognitivo. La memoria de trabajo está influida&lt;br /> por factores ambientales y la infancia es una etapa sensible para su desarrollo. Esta&lt;br /> revisión, siguiendo la metodología PRISMA 2020, estudia la relación entre uso de&lt;br /> pantallas y amplitud de memoria de trabajo en niños menores de 12 años. Se&lt;br /> consultaron las bases de datos PubMed, Scopus y Web of Science.&lt;br /> Un total de 16 estudios empíricos fueron revisados. Siete mostraron una relación&lt;br /> negativa entre amplitud de memoria de trabajo y uso de pantallas general. Cinco&lt;br /> estudios identificaron diferencias en esta relación mediadas por el tipo de dispositivo.&lt;br /> Dos estudios han reportado diferencias mediadas por el sexo y un estudio encontró&lt;br /> diferencias en la relación mediada por la edad. Seis estudios no aportan evidencia&lt;br /> concluyente.&lt;br /> Como conclusión, se observa una necesidad de consenso en la metodología de futuras&lt;br /> investigaciones. La puesta en común para crear una metodología que permita estudiar&lt;br /> los distintos dispositivos es un objetivo prioritario para esta línea de investigación.&lt;br />&lt;br /></subfield>
  </datafield>
  <datafield tag="521" ind1=" " ind2=" ">
    <subfield code="a">Graduado en Psicología</subfield>
  </datafield>
  <datafield tag="540" ind1=" " ind2=" ">
    <subfield code="a">Derechos regulados por licencia Creative Commons</subfield>
  </datafield>
  <datafield tag="856" ind1="0" ind2=" ">
    <subfield code="f">816848@unizar.es</subfield>
  </datafield>
  <datafield tag="856" ind1="4" ind2=" ">
    <subfield code="s">289710</subfield>
    <subfield code="u">http://zaguan.unizar.es/record/146174/files/TAZ-TFG-2024-4275.pdf</subfield>
    <subfield code="y">Memoria (spa)</subfield>
  </datafield>
  <datafield tag="909" ind1="C" ind2="O">
    <subfield code="o">oai:zaguan.unizar.es:146174</subfield>
    <subfield code="p">driver</subfield>
    <subfield code="p">trabajos-fin-grado</subfield>
  </datafield>
  <datafield tag="950" ind1=" " ind2=" ">
    <subfield code="a"></subfield>
  </datafield>
  <datafield tag="691" ind1=" " ind2=" ">
    <subfield code="a">0</subfield>
  </datafield>
  <datafield tag="692" ind1=" " ind2=" ">
    <subfield code="a"></subfield>
  </datafield>
  <datafield tag="700" ind1=" " ind2=" ">
    <subfield code="a">Hernando Mazon, Ana.</subfield>
    <subfield code="e">dir.</subfield>
  </datafield>
  <datafield tag="710" ind1="2" ind2=" ">
    <subfield code="a">Universidad de Zaragoza</subfield>
    <subfield code="b">Psicología y Sociología</subfield>
    <subfield code="c">Metod. de las Ciencias del Comportamiento</subfield>
  </datafield>
  <datafield tag="980" ind1=" " ind2=" ">
    <subfield code="a">TAZ</subfield>
    <subfield code="b">TFG</subfield>
    <subfield code="c">FCSH</subfield>
  </datafield>
  <datafield tag="999" ind1=" " ind2=" ">
    <subfield code="a">20240909123353.CREATION_DATE</subfield>
  </datafield>
  <datafield tag="951" ind1=" " ind2=" ">
    <subfield code="a">deposita:2024-11-22</subfield>
  </datafield>
</record>
</collection>